000 00790cam a2200205 4500
001 WB3544-02
008 000000n1999 000 0 eng u
035 _a(Sirsi) u101929
245 _aWeb auctions
260 _c1999
490 _aFinancial Times
_v12 November 1999, 7(1)
520 _aInternet auctioneers are aiming to reduce prices for the construction, transport and raw materials markets by introducing business-only internet auctions. Companies will be able to bid over the internet for goods via two web auctioneers. The two sites are: www.Bidbusiness.co.uk and www.Bid.com Europe.
590 _aWB
650 _aONLINE AUCTIONS
650 _aINTERNET AUCTIONS
650 _aBUSINESS ONLY AUCTIONS
650 _aINTERNET
690 _aAuctioneering
_96218
942 _n0
999 _c61027
_d61027